Dítě, které žilo ve zdi /

Bohatě ilustrovaný příběh o chlapci, který se před světem ukryje do zdi.

Hlavní autor: Lestrade, Agnes de, 1964-
Další autoři: Chebret, Sébastien, 1977-, Fučíková, Milena, 1977-
Jazyk: Čeština
Vydáno: V Praze : Pasparta, 2020
Vydání: Vydání první
Témata:
Fyzický popis: 32 nečíslovaných stran ; 29 cm
Knihy
Uloženo v:
LEADER 02406nam a2200529 i 4500
001 nkc20203242580
003 CZ PrNK
005 20211123081625.0
007 ta
008 200817s2020 xr a b 000 j cze
015 |a cnb003242580 
020 |a 978-80-88290-47-6  |q (vázáno) 
035 |a (OCoLC)1245647824 
040 |a ABG001  |b cze  |d ABA001  |e rda 
041 1 |a cze  |h fre 
072 7 |a 821.133.1-3  |x Francouzská próza, francouzsky psaná  |2 Konspekt  |9 25 
072 7 |a 821-93  |x Literatura pro děti a mládež (beletrie)  |2 Konspekt  |9 26 
080 |a 821.133.1-32  |2 MRF 
080 |a 821-93  |2 MRF 
080 |a 316.344.6-056.36-053.2  |2 MRF 
080 |a (0:82-32)  |2 MRF 
100 1 |a Lestrade, Agnes de,  |d 1964-  |7 osa2017960554  |4 aut 
240 1 0 |a Enfant qui vivait dans un mur.  |l Česky 
245 1 0 |a Dítě, které žilo ve zdi /  |c Agnès de Lestrade, Sébastien Chebret ; přeložila: Milena Fučíková 
250 |a Vydání první 
264 1 |a V Praze :  |b Pasparta,  |c 2020 
300 |a 32 nečíslovaných stran ;  |c 29 cm 
336 |a text  |b txt  |2 rdacontent 
336 |a statický obraz  |b sti  |2 rdacontent 
337 |a bez média  |b n  |2 rdamedia 
338 |a svazek  |b nc  |2 rdacarrier 
500 |a Přeloženo z francouzštiny 
500 |a Ilustrace Sébastien Chebret 
520 2 |a Bohatě ilustrovaný příběh o chlapci, který se před světem ukryje do zdi.  |b Chlapec nachází ve zdi klid a útočiště. Zdá se, že zde má vše, co potřebuje k životu. Rodiče se snaží mnoha způsoby ke svému synovi přiblížit. Citlivý pohled do světa dítěte s autismem a jeho rodiny. Kniha je vhodná pro práci s dětmi s diagnózou poruchy autistického spektra, nebo pro vysvětlení odlišnosti těchto dětí jejich okolí. Nakladatelská anotace. Kráceno. 
650 0 7 |a děti s autismem  |7 ph114095  |2 czenas 
650 0 9 |a children with autism  |2 eczenas 
655 7 |a francouzské příběhy  |7 fd184214  |2 czenas 
655 7 |a publikace pro děti  |7 fd133156  |2 czenas 
655 9 |a French stories  |2 eczenas 
655 9 |a children's literature  |2 eczenas 
700 1 |a Chebret, Sébastien,  |d 1977-  |7 xx0251119  |4 ill 
700 1 |a Fučíková, Milena,  |d 1977-  |7 jx20051111020  |4 trl 
910 2 |a BOA001  |b 3-1477.847 
920 |a 4551683  |z ABG001 
990 |a BK 
995 |a 01 
996 6 |b 2610886639  |c 3-1477.847  |l MZK  |r Sklad / do 1 hodiny  |n 0  |p p.v.  |w 001870146  |u 000010  |a 1  |e BOA001  |j MZK50  |s P